[Event "Titled Tue 20th May Early"]
[Site "chess.com INT"]
[Date "2025.05.20"]
[Round "1"]
[White "Lagarde, Maxime"]
[Black "Sanhueza, Cristian"]
[Result "1-0"]
[WhiteTitle "GM"]
[BlackTitle "FM"]
[WhiteElo "2622"]
[BlackElo "2182"]
[WhiteFideId "662399"]
[BlackFideId "116815"]
[EventDate "2025.05.20"]

1. g3 Nf6 2. Bg2 g6 3. d3 Bg7 4. e4 d6 5. f4 O-O 6. Nf3 c5 7. O-O Nc6 8. c3 a6
9. h3 Rb8 10. g4 b5 11. Qe1 b4 12. c4 Ne8 13. Qf2 Nc7 14. f5 Nd4 15. Nxd4 Bxd4
16. Be3 Bg7 17. Nd2 e6 18. f6 Bh8 19. g5 d5 20. e5 dxc4 21. dxc4 Bb7 22. Ne4
Bxe4 23. Bxe4 a5 24. Rad1 Qc8 25. Rd3 Rd8 26. Rfd1 Rxd3 27. Rxd3 Na6 28. Qd2 a4
29. Rd6 b3 30. a3 h5 31. h4 Qc7 32. Qd3 Rc8 33. Bf4 Nb8 34. Kg2 Qa5 35. Bd2 Qc7
36. Bc3 Re8 37. Kg3 Rc8 38. Bxg6 fxg6 39. Qxg6+ Kf8 40. Qxh5 Bxf6 41. gxf6 Qf7
42. Qh6+ Kg8 43. h5 Nc6 44. Qg6+ Kf8 45. Kf4 Nd4 46. Qxf7+ Kxf7 47. Rd7+ Kf8 48.
Bxd4 cxd4 49. h6 Kg8 50. Ke4 Rxc4 51. f7+ Kf8 52. h7 d3+ 53. Kxd3 Rh4 54. h8=Q+
Rxh8 55. Rd8+ 1-0

[Event "Titled Tue 20th May Early"]
[Site "chess.com INT"]
[Date "2025.05.20"]
[Round "1"]
[White "Kozlov, Gennady"]
[Black "Sadey, Rinoa Mariel"]
[Result "1-0"]
[WhiteTitle "FM"]
[WhiteElo "2408"]
[BlackElo "1760"]
[WhiteFideId "4191668"]
[BlackFideId "5255945"]
[EventDate "2025.05.20"]

1. b3 Nf6 2. Bb2 g6 3. e3 Bg7 4. f4 d5 5. Nf3 Bg4 6. Be2 O-O 7. O-O c5 8. Ne5
Bxe2 9. Qxe2 Nc6 10. Nxc6 bxc6 11. d3 Re8 12. Qf3 Qd7 13. Be5 Rad8 14. Nd2 Qg4
15. Qxg4 Nxg4 16. Bxg7 Kxg7 17. Rae1 e5 18. fxe5 Rxe5 19. e4 d4 20. Nc4 Re6 21.
a4 Rde8 22. h3 Ne5 23. Nxe5 Rxe5 24. g4 h5 25. Rf4 hxg4 26. hxg4 Rh8 27. Ref1
Re7 28. Kg2 a5 29. Rf6 Rc7 30. Kg3 Rh7 31. Rd6 Rc8 32. Rff6 1-0

[Event "Titled Tue 20th May Early"]
[Site "chess.com INT"]
[Date "2025.05.20"]
[Round "1"]
[White "Srihari, L"]
[Black "Brancaleoni, Maurizio"]
[Result "0-1"]
[WhiteTitle "IM"]
[BlackTitle "FM"]
[WhiteElo "2353"]
[BlackElo "2185"]
[WhiteFideId "46642056"]
[BlackFideId "803022"]
[EventDate "2025.05.20"]

1. c4 b6 2. Nc3 Bb7 3. Nf3 c5 4. g3 g6 5. Bg2 Bg7 6. O-O Nf6 7. d4 cxd4 8. Nxd4
Bxg2 9. Kxg2 O-O 10. b3 d5 11. cxd5 Nxd5 12. Bb2 Nxc3 13. Bxc3 Qd5+ 14. Kg1 Rc8
15. Rc1 Nd7 16. Nf3 Qb7 17. Bxg7 Kxg7 18. Qd4+ Nf6 19. h4 Qe4 20. Qb2 Kg8 21.
Rfd1 Qe6 22. Nd4 Qh3 23. Nf3 Rxc1 24. Rxc1 Rc8 25. Rxc8+ Qxc8 26. Qe5 Qd7 27.
Kg2 Kg7 28. h5 gxh5 29. e4 Qe6 30. Qg5+ Kf8 31. e5 Nd7 32. Qxh5 Qg6 33. Qh4 Nc5
34. Qd4 Qe4 35. Qd8+ Kg7 36. Qxe7 Nd3 37. Qf6+ Kg8 38. Kg1 Ne1 39. Ng5 Qg2# 0-1

[Event "Titled Tue 20th May Early"]
[Site "chess.com INT"]
[Date "2025.05.20"]
[Round "1"]
[White "Spangenberg, Hugo"]
[Black "Can, Melih Kaan"]
[Result "1-0"]
[WhiteTitle "GM"]
[BlackTitle "CM"]
[WhiteElo "2469"]
[BlackElo "2171"]
[WhiteFideId "101966"]
[BlackFideId "6317383"]
[EventDate "2025.05.20"]

1. e4 c5 2. Nf3 d6 3. c3 Nf6 4. h3 g6 5. Bd3 Bg7 6. O-O O-O 7. Bc2 e5 8. d4 cxd4
9. cxd4 exd4 10. Nxd4 Nc6 11. Nc3 Nxd4 12. Qxd4 Be6 13. Bg5 Qb6 14. Qxb6 axb6
15. Rfd1 Rfd8 16. Rd2 h6 17. Bf4 Ne8 18. a3 g5 19. Be3 Rdc8 20. Bd4 Bxd4 21.
Rxd4 Rc4 22. Rad1 Rac8 23. Ba4 Nf6 24. Rxc4 Rxc4 25. Bb5 Rc5 26. f3 d5 27. e5
Nd7 28. Bxd7 Bxd7 29. Rxd5 Bc6 30. Rxc5 bxc5 31. Kf2 Kg7 32. Ke3 Kg6 33. g4 f6
34. exf6 Kxf6 35. Ne4+ Ke5 36. Nxc5 Kd5 37. Ne4 Kc4 38. Nd2+ Kb5 39. Kd4 Ka4 40.
Kc5 Ka5 41. b3 Ka6 42. a4 Ka7 43. a5 Ka6 44. b4 b6+ 45. Kxc6 bxa5 46. bxa5 1-0

[Event "Titled Tue 20th May Early"]
[Site "chess.com INT"]
[Date "2025.05.20"]
[Round "1"]
[White "Korkmaz, Necmettin"]
[Black "Boramanikar, Tanisha S"]
[Result "1-0"]
[WhiteTitle "CM"]
[BlackTitle "WCM"]
[WhiteElo "2059"]
[BlackElo "1743"]
[WhiteFideId "6303285"]
[BlackFideId "35023454"]
[EventDate "2025.05.20"]

1. e4 c5 2. Nf3 Nc6 3. d4 cxd4 4. Nxd4 Nf6 5. Nc3 e5 6. Ndb5 d6 7. Bg5 a6 8. Na3
b5 9. Nd5 Be7 10. Bxf6 Bxf6 11. c3 O-O 12. Nxf6+ Qxf6 13. Nc2 Be6 14. Ne3 Rfd8
15. Be2 Qg6 16. Bf3 Ne7 17. O-O Rac8 18. a4 Kh8 19. axb5 axb5 20. Ra6 Rc6 21.
Rxc6 Nxc6 22. Nd5 f5 23. exf5 Bxf5 24. Nf4 exf4 25. Bxc6 Bd3 26. Re1 d5 27. Re8+
Rxe8 28. Bxe8 Qe4 29. Bh5 g6 30. Bf3 Qc4 31. h3 Be4 32. Be2 Qc5 33. Qd4+ Qxd4
34. cxd4 b4 35. f3 Bc2 36. Bb5 Bb3 37. h4 Kg7 38. Kh2 Kf6 39. Kh3 h6 40. Bd3 g5
41. Kg4 Bc4 42. Bb1 Bb3 43. Kh5 gxh4 44. Kxh4 Bd1 45. Kg4 Be2 46. Kxf4 Bf1 47.
g4 Bh3 48. Kg3 Bf1 49. f4 Be2 50. Kh4 1-0

[Event "Titled Tue 20th May Early"]
[Site "chess.com INT"]
[Date "2025.05.20"]
[Round "1"]
[White "Silva Lucena, Cristian"]
[Black "Vokhidov, Shamsiddin"]
[Result "0-1"]
[WhiteTitle "FM"]
[BlackTitle "GM"]
[WhiteElo "2257"]
[BlackElo "2641"]
[WhiteFideId "2232588"]
[BlackFideId "14204223"]
[EventDate "2025.05.20"]

1. e4 c5 2. Nf3 d6 3. Bb5+ Nd7 4. O-O a6 5. Bd3 Ngf6 6. c3 g6 7. Bc2 c4 8. b3 b5
9. Na3 cxb3 10. axb3 Bb7 11. Re1 Rc8 12. c4 Bg7 13. d4 b4 14. Nb1 O-O 15. Bb2
Qc7 16. Nbd2 e5 17. Nf1 Rfe8 18. Ng3 exd4 19. Nxd4 Nc5 20. f3 Nfd7 21. Qd2 Rcd8
22. Qxb4 Ne5 23. Qd2 Qb6 24. Ra3 Ne6 25. Kh1 Nxf3 26. gxf3 Nxd4 27. Bd1 Ne6 28.
Bxg7 Kxg7 29. Rg1 Kh8 30. Qc3+ Qd4 31. Qxd4+ Nxd4 32. Rg2 f5 33. Rd2 Ne6 34.
exf5 Nf4 35. Kg1 Re3 36. Kf2 Rde8 37. fxg6 hxg6 38. Raa2 Nd3+ 39. Kg2 Ne1+ 40.
Kh3 Bc8+ 41. Kh4 Kg7 42. Ne4 R8xe4+ 43. fxe4 Kh6 44. Bg4 g5# 0-1

[Event "Titled Tue 20th May Early"]
[Site "chess.com INT"]
[Date "2025.05.20"]
[Round "1"]
[White "Torres Rebolledo, Alvaro"]
[Black "Toktomushev, Teimur"]
[Result "0-1"]
[WhiteTitle "FM"]
[BlackTitle "FM"]
[WhiteElo "2336"]
[BlackElo "2398"]
[WhiteFideId "54587670"]
[BlackFideId "14176726"]
[EventDate "2025.05.20"]

1. Nf3 d5 2. g3 Nf6 3. Bg2 e6 4. d3 Be7 5. O-O O-O 6. Nbd2 c5 7. Re1 Nc6 8. e4
Qc7 9. Nf1 dxe4 10. dxe4 Rd8 11. Qe2 b6 12. c3 a5 13. Qc2 Ba6 14. e5 Bd3 15. Qa4
Ne4 16. N1d2 b5 17. Qd1 a4 18. Nxe4 Bxe4 19. Qe2 Bd3 20. Qe3 c4 21. Qf4 a3 22.
bxa3 Bxa3 23. Ng5 Bxc1 24. Raxc1 Rd7 25. Be4 h6 26. Nf3 Rxa2 27. Red1 Qb6 28.
Rd2 Rxd2 29. Nxd2 Qc5 30. Bxc6 Qxc6 31. Nf3 Qc5 32. Nd4 b4 33. Qe3 bxc3 34. Nf5
Qa3 35. Rxc3 Qxc3 0-1

[Event "Titled Tue 20th May Early"]
[Site "chess.com INT"]
[Date "2025.05.20"]
[Round "1"]
[White "Szalay, Karoly"]
[Black "Henriquez Villagra, Cristobal"]
[Result "0-1"]
[BlackTitle "GM"]
[WhiteElo "2159"]
[BlackElo "2597"]
[WhiteFideId "2600544"]
[BlackFideId "3409350"]
[EventDate "2025.05.20"]

1. e4 c6 2. e5 d5 3. exd6 exd6 4. d4 Nf6 5. Bd3 Be7 6. Nf3 O-O 7. O-O Bg4 8. h3
Bh5 9. c4 Nbd7 10. Nc3 Re8 11. Re1 Qb6 12. g4 Bg6 13. Bf1 d5 14. c5 Qc7 15. Ne5
Nxe5 16. Rxe5 Nd7 17. Re2 Nf8 18. f4 h6 19. f5 Bh7 20. Qe1 Qd7 21. Bf4 Bf6 22.
Qf2 Rxe2 23. Bxe2 b6 24. b4 Re8 25. Bd3 Qb7 26. Rb1 Ne6 27. Be3 Ng5 28. Kg2 Qe7
29. Nd1 Ne4 30. Qf3 g6 31. b5 gxf5 32. gxf5 bxc5 33. bxc6 c4 34. Bc2 Kh8 35. Rb7
Rg8+ 36. Kh2 Qd6+ 37. Bf4 Ng5 38. Qe3 Qxc6 39. Rxa7 Re8 40. Qf2 Qb6 41. Rd7 Bxd4
42. Qf1 Be5 43. Bxe5+ Rxe5 44. Qf4 Qb8 45. Kg3 Qe8 46. Qd4 Qxd7 47. Qxe5+ Kg8
48. Ne3 d4 49. Nxc4 d3 50. Bb3 Bxf5 51. Nd6 Bg6 52. Ne8 Qxh3+ 53. Kf2 Qf3+ 54.
Ke1 Qh1+ 55. Kd2 Nf3+ 56. Kc3 Nxe5 57. Nf6+ Kg7 0-1

[Event "Titled Tue 20th May Early"]
[Site "chess.com INT"]
[Date "2025.05.20"]
[Round "1"]
[White "Troltenier, Dirk"]
[Black "Antoniou, Rafail"]
[Result "0-1"]
[WhiteTitle "FM"]
[BlackTitle "CM"]
[WhiteElo "2174"]
[BlackElo "2134"]
[WhiteFideId "4606400"]
[BlackFideId "5904390"]
[EventDate "2025.05.20"]

1. e4 c5 2. Nf3 e6 3. c3 Nf6 4. e5 Nd5 5. d4 cxd4 6. Bc4 d6 7. O-O Nc6 8. Bg5
Be7 9. Bxe7 Qxe7 10. Bxd5 exd5 11. exd6 Qxd6 12. Re1+ Be6 13. Nxd4 O-O 14. Na3
Rfe8 15. Nab5 Qd7 16. Qd2 a6 17. Nxc6 bxc6 18. Nd4 c5 19. Nc2 Rab8 20. b3 Rbd8
21. Rad1 h6 22. h3 Qc8 23. Qf4 Qb8 24. Qxb8 Rxb8 25. Ne3 Red8 26. Rd2 Rd7 27.
Red1 Rbd8 28. f4 f6 29. Kf2 g6 30. g4 g5 31. f5 Bf7 32. Nc2 Re8 33. Re1 Rxe1 34.
Kxe1 h5 35. Kf2 hxg4 36. hxg4 Re7 37. Re2 Kf8 38. Rxe7 Kxe7 39. Ke3 Kd6 40. Ne1
Be8 41. Nd3 Bb5 42. Nf2 Bc6 43. Nd3 Bb5 44. Ne1 a5 45. a3 Ba6 46. Nc2 Ke5 47.
Ne1 d4+ 48. cxd4+ cxd4+ 49. Kf3 Bb7+ 50. Ke2 Kf4 51. Nc2 Ke4 52. Kd2 Ke5 53. Ke2
Be4 54. Ne1 Kf4 0-1

[Event "Titled Tue 20th May Early"]
[Site "chess.com INT"]
[Date "2025.05.20"]
[Round "1"]
[White "Kosteniuk, Alexandra"]
[Black "Vasilenok, Anton"]
[Result "1-0"]
[WhiteTitle "GM"]
[BlackTitle "CM"]
[WhiteElo "2479"]
[BlackElo "2137"]
[WhiteFideId "4128125"]
[BlackFideId "34133124"]
[EventDate "2025.05.20"]

1. Nf3 g6 2. e4 Nf6 3. e5 Nd5 4. c4 Nb6 5. Nc3 d6 6. d4 Bg7 7. Bf4 O-O 8. c5
dxc5 9. dxc5 N6d7 10. Ne4 Nc6 11. Qb3 Ndxe5 12. Nxe5 Nxe5 13. Rd1 Qe8 14. Bb5 c6
15. Be2 Bf5 16. Ng3 Be6 17. Qe3 Nd7 18. b3 Nf6 19. Bf3 Bd5 20. O-O Bxf3 21. Qxf3
Nd5 22. Bg5 h6 23. Bd2 e6 24. Ne4 Qe7 25. Nd6 b6 26. b4 bxc5 27. bxc5 Rab8 28.
Rb1 Kh7 29. g3 f5 30. Rfe1 e5 31. Qd3 e4 32. Qa6 Qd7 33. Red1 f4 34. Nxe4 Qf5
35. Rxb8 Rxb8 36. Qc4 f3 37. Nd6 Qh5 38. h4 Rf8 39. Qe4 Nf6 40. Qxc6 Qg4 41. Be1
Nh5 42. Rd3 Nf6 43. Qxf3 Qb4 44. Bxb4 1-0

[Event "Titled Tue 20th May Early"]
[Site "chess.com INT"]
[Date "2025.05.20"]
[Round "1"]
[White "Otdelnov, Kirill"]
[Black "Tiitta, Sauli"]
[Result "1-0"]
[WhiteTitle "FM"]
[WhiteElo "2273"]
[BlackElo "2157"]
[WhiteFideId "24280216"]
[BlackFideId "502251"]
[EventDate "2025.05.20"]

1. d4 c5 2. d5 h6 3. c4 g5 4. Nc3 Bg7 5. e4 Bxc3+ 6. bxc3 Qa5 7. Bd2 Nf6 8. e5
Ne4 9. Bd3 Nxd2 10. Qxd2 d6 11. exd6 exd6 12. Ne2 Nd7 13. O-O Ne5 14. f4 gxf4
15. Nxf4 Bd7 16. Nh5 O-O-O 17. Nf6 Kb8 18. Kh1 h5 19. Ne4 Bg4 20. h3 Bc8 21. Rf6
Qc7 22. Raf1 Qe7 23. Ng5 Rdf8 24. a4 a6 25. a5 Rhg8 26. Ne4 Rd8 27. Be2 h4 28.
Qf4 Rg7 29. Rf2 Rdg8 30. Nxd6 Bxh3 31. gxh3 Rg1+ 32. Kh2 R1g7 33. Nxf7 Ka7 34.
Nxe5 Qc7 35. Ng4 Qxf4+ 36. R6xf4 Re7 37. Bf3 Re1 38. Bg2 Rc1 39. Rf7 Rxc3 40. d6
Rd3 41. Rxb7+ Ka8 42. Rb3+ Ka7 43. Rf7# 1-0

[Event "Titled Tue 20th May Early"]
[Site "chess.com INT"]
[Date "2025.05.20"]
[Round "1"]
[White "Rosen, Eric"]
[Black "Kjaergaard-Jensen, Jesper"]
[Result "1-0"]
[WhiteTitle "IM"]
[BlackTitle "CM"]
[WhiteElo "2377"]
[BlackElo "2081"]
[WhiteFideId "2032562"]
[BlackFideId "1406990"]
[EventDate "2025.05.20"]

1. d4 Nf6 2. Bf4 d6 3. Nc3 Nbd7 4. Nf3 c5 5. e3 Qb6 6. Rb1 e6 7. Be2 Be7 8. h3
O-O 9. O-O d5 10. Ne5 Nxe5 11. Bxe5 Nd7 12. dxc5 Bxc5 13. Na4 Qc6 14. Nxc5 Nxe5
15. Nb3 a6 16. Qd4 Ng6 17. c4 dxc4 18. Bxc4 e5 19. Qc3 Be6 20. Bxe6 Qxe6 21. Nc5
Qe7 22. b4 Rac8 23. Qb3 Kh8 24. Rbd1 Rc7 25. Rd2 Rd8 26. Rxd8+ Qxd8 27. Rd1 Qe7
28. Qd5 h6 29. Qd8+ Kh7 30. g3 a5 31. a3 axb4 32. axb4 b6 33. Qxe7 Nxe7 34. Nd7
f6 35. Nxb6 Rc6 36. Nd7 Rc7 37. Nc5 Nc6 38. b5 Nb8 39. Ne6 Rb7 40. Rd8 Nd7 41.
Rxd7 Rxb5 42. Rxg7+ Kh8 43. Rg6 Rb1+ 44. Kg2 Rb6 45. Rxf6 Kg8 46. Rxh6 Kf7 47.
Ng5+ Ke8 48. Rxb6 1-0

[Event "Titled Tue 20th May Early"]
[Site "chess.com INT"]
[Date "2025.05.20"]
[Round "1"]
[White "Javakhadze, Zurab"]
[Black "Teh, Wee Zhun"]
[Result "1-0"]
[WhiteTitle "IM"]
[BlackTitle "CM"]
[WhiteElo "2412"]
[BlackElo "2010"]
[WhiteFideId "13603647"]
[BlackFideId "5707277"]
[EventDate "2025.05.20"]

1. d4 d5 2. c4 c6 3. Nc3 dxc4 4. e3 b5 5. a4 b4 6. Ne4 Qd5 7. Nd2 c3 8. bxc3
bxc3 9. Nb1 Qa5 10. Qc2 e6 11. Nxc3 Bb4 12. Bd2 Nf6 13. Bd3 Ba6 14. Nge2 Bxd3
15. Qxd3 O-O 16. O-O Nbd7 17. Ne4 Nxe4 18. Bxb4 Qxb4 19. Qxe4 c5 20. Qc6 Nf6 21.
Qxc5 Qxc5 22. dxc5 Rfc8 23. Rfc1 Rc7 24. Nd4 a6 25. Rc2 Rac8 26. Rac1 Ne4 27. c6
Nf6 28. f4 Nd5 29. Kf2 Nb4 30. Rd2 Kf8 31. Rc4 a5 32. Rc5 Nxc6 33. Rdc2 Nxd4 34.
Rxc7 Rxc7 35. Rxc7 1-0

[Event "Titled Tue 20th May Early"]
[Site "chess.com INT"]
[Date "2025.05.20"]
[Round "1"]
[White "Andriienko, Artom"]
[Black "Tekeyev, Zaur"]
[Result "1-0"]
[BlackTitle "IM"]
[WhiteElo "2153"]
[BlackElo "2417"]
[WhiteFideId "34129510"]
[BlackFideId "4199731"]
[EventDate "2025.05.20"]

1. e4 c6 2. Nc3 d5 3. Nf3 dxe4 4. Nxe4 Nf6 5. Qe2 Na6 6. Nxf6+ gxf6 7. d4 Bf5 8.
Bd2 Bxc2 9. Bh6 Bxh6 10. Qxc2 Nb4 11. Qb3 Qa5 12. Kd1 O-O-O 13. Bc4 e6 14. a3
Nd5 15. Kc2 Nb6 16. Bd3 Bg7 17. Rhd1 f5 18. Qc3 Qd5 19. Rac1 Kb8 20. Bf1 c5 21.
Kb1 Bxd4 22. Nxd4 cxd4 23. Qc7+ Ka8 24. Qxf7 Rd7 25. Qf6 Rhd8 26. Bd3 a6 27. Qg5
Ka7 28. Qd2 Na4 29. Qb4 Nb6 30. Rc5 Qxg2 31. a4 Nd5 32. Qxd4 Ka8 33. Rdc1 Qf3
34. Rc8+ 1-0

[Event "Titled Tue 20th May Early"]
[Site "chess.com INT"]
[Date "2025.05.20"]
[Round "1"]
[White "Harsha, Bharathakoti"]
[Black "Teterev, Vitaly"]
[Result "1-0"]
[WhiteTitle "GM"]
[BlackTitle "GM"]
[WhiteElo "2532"]
[BlackElo "2258"]
[WhiteFideId "5078776"]
[BlackFideId "13501429"]
[EventDate "2025.05.20"]

1. Nf3 d5 2. d4 Nf6 3. c4 e6 4. Nc3 c5 5. cxd5 cxd4 6. Qxd4 exd5 7. Bg5 Be7 8.
e3 O-O 9. Rd1 Be6 10. Bd3 h6 11. Bh4 Nc6 12. Qa4 Qb6 13. Rd2 Rfd8 14. O-O a6 15.
Rfd1 Qb4 16. Bb1 g5 17. Qxb4 Bxb4 18. Bg3 Bxc3 19. bxc3 Ne4 20. Rc2 Na5 21. Be5
Nc4 22. Bd4 b5 23. Rcc1 Rdc8 24. h4 g4 25. Nh2 g3 26. fxg3 Nxg3 27. Bd3 Bf5 28.
Bxf5 Nxf5 29. Ng4 Rc6 30. Nf6+ Kf8 31. Nxd5 Nxh4 32. Rf1 Rd8 33. e4 Nd2 34. Rf6
Rdc8 35. Rf2 Nc4 36. Rcf1 f5 37. g3 Ng6 38. Rxf5+ Ke8 39. Rf7 Nd2 40. R1f5 Nxe4
41. Rh7 Nxg3 42. Nf6+ Rxf6 43. Rxf6 1-0

[Event "Titled Tue 20th May Early"]
[Site "chess.com INT"]
[Date "2025.05.20"]
[Round "1"]
[White "Khodashenas, Mersad"]
[Black "Iunusov, Nuriddin"]
[Result "1-0"]
[WhiteTitle "IM"]
[BlackTitle "CM"]
[WhiteElo "2471"]
[BlackElo "1953"]
[WhiteFideId "12514195"]
[BlackFideId "13803026"]
[EventDate "2025.05.20"]

1. e4 e5 2. Nf3 Nc6 3. Bb5 a6 4. Ba4 Nf6 5. O-O b5 6. Bb3 Bb7 7. c3 d6 8. Ng5 d5
9. exd5 Na5 10. Bc2 Qxd5 11. Qf3 Qxf3 12. Nxf3 Bd6 13. Re1 Bxf3 14. gxf3 O-O 15.
b4 Nc6 16. a4 Ne7 17. d3 h6 18. Nd2 Ned5 19. Bb2 c6 20. Ne4 Nxe4 21. fxe4 Nf4
22. f3 Rfd8 23. Kf2 Be7 24. axb5 Bh4+ 25. Kf1 Bxe1 26. Kxe1 axb5 27. Rxa8 Rxa8
28. Bc1 g5 29. d4 exd4 30. cxd4 Ra2 31. Kd1 Ne6 32. Be3 Rb2 33. d5 cxd5 34. exd5
Nf4 35. d6 Kf8 36. Bf5 Ke8 37. d7+ 1-0

[Event "Titled Tue 20th May Early"]
[Site "chess.com INT"]
[Date "2025.05.20"]
[Round "1"]
[White "Swara Lakshmi S Nair"]
[Black "Lisenkov, Svyatoslav"]
[Result "0-1"]
[WhiteTitle "WCM"]
[BlackTitle "CM"]
[WhiteElo "2178"]
[BlackElo "2241"]
[WhiteFideId "25629239"]
[BlackFideId "34264183"]
[EventDate "2025.05.20"]

1. e4 Nh6 2. d4 g6 3. Nc3 d6 4. Be3 Bg7 5. f3 f6 6. Qd2 Nf7 7. h4 h5 8. Bc4 c6
9. O-O-O Nd7 10. Bd3 e5 11. Nge2 Qe7 12. g4 hxg4 13. fxg4 exd4 14. Nxd4 Nde5 15.
g5 Ng4 16. gxf6 Bxf6 17. Bg1 Bg5 18. hxg5 Rxh1 19. Qg2 Qxg5+ 20. Kb1 Rh8 21. Nf3
Qe7 22. Bd4 Rh5 23. e5 Bf5 24. exd6 Qxd6 25. Bxf5 gxf5 26. Re1+ Kf8 27. Qg1 b6
28. Ne2 Re8 29. Ng3 Rxe1+ 30. Qxe1 Rh7 31. Nxf5 Qd7 32. Ng3 Qe7 33. Qg1 c5 34.
Bc3 Qe3 35. Qg2 Qf2 36. Qxf2 Nxf2 37. b3 Rh3 38. Nf1 Rxf3 0-1

[Event "Titled Tue 20th May Early"]
[Site "chess.com INT"]
[Date "2025.05.20"]
[Round "1"]
[White "Yang, Kaiqi"]
[Black "Winkels, Marcel"]
[Result "1-0"]
[WhiteTitle "GM"]
[BlackTitle "CM"]
[WhiteElo "2481"]
[BlackElo "1918"]
[WhiteFideId "8604398"]
[BlackFideId "1003887"]
[EventDate "2025.05.20"]

1. e4 c5 2. Nf3 d6 3. d4 cxd4 4. Nxd4 Nf6 5. Nc3 a6 6. h3 e5 7. Nb3 Be6 8. f4
exf4 9. Bxf4 Nc6 10. Qe2 Be7 11. O-O-O Qc7 12. g4 Ne5 13. g5 Nfd7 14. Nd4 O-O
15. Nf5 Nb6 16. Rg1 Nbc4 17. Qf2 Rfe8 18. Kb1 Rac8 19. Nd5 Bxd5 20. Rxd5 Bf8 21.
Bc1 b5 22. b3 Nb6 23. Rd2 Qc6 24. Qd4 Red8 25. Bb2 a5 26. Bg2 a4 27. Rc1 g6 28.
Nh6+ Bxh6 29. gxh6 Qc5 30. Qxc5 Rxc5 31. Bd4 Rcc8 32. Bxb6 Rd7 33. Bd4 Nc6 34.
Bb2 Nb4 35. Rcd1 Rcd8 36. e5 d5 37. a3 Nc6 38. Bxd5 Na5 39. Bxf7+ 1-0

[Event "Titled Tue 20th May Early"]
[Site "chess.com INT"]
[Date "2025.05.20"]
[Round "1"]
[White "Bok, Benjamin"]
[Black "Namitbir, Singh Walia"]
[Result "1-0"]
[WhiteTitle "GM"]
[BlackTitle "FM"]
[WhiteElo "2591"]
[BlackElo "2335"]
[WhiteFideId "1017063"]
[BlackFideId "35071068"]
[EventDate "2025.05.20"]

1. d4 Nf6 2. c4 g6 3. g3 c6 4. Nf3 d5 5. b3 Bg7 6. Bg2 O-O 7. O-O Ne4 8. Bb2 Bf5
9. e3 a5 10. Nc3 Nxc3 11. Bxc3 a4 12. cxd5 cxd5 13. bxa4 Bd7 14. a5 Nc6 15. Qb3
e6 16. Qxb7 Nxa5 17. Bxa5 Rxa5 18. Rfc1 Bb5 19. Bf1 Qa8 20. Qxa8 Rfxa8 21. Bxb5
Rxb5 22. Rc7 Bf6 23. Kg2 Ra3 24. Rc2 h5 25. h3 Kg7 26. Ne1 e5 27. dxe5 Bxe5 28.
Rd1 Rba5 29. Nf3 Bf6 30. Rcd2 Rxa2 31. Rxa2 Rxa2 32. Rxd5 Rc2 33. g4 hxg4 34.
hxg4 Be7 35. Rd7 Kf8 36. Ne5 Rc5 37. f4 g5 38. Kf3 gxf4 39. exf4 Ra5 40. Rb7
Ra3+ 41. Ke4 Ra5 42. g5 Ba3 43. Rxf7+ 1-0

[Event "Titled Tue 20th May Early"]
[Site "chess.com INT"]
[Date "2025.05.20"]
[Round "1"]
[White "Hehir, Michael"]
[Black "Blomqvist, Erik"]
[Result "1-0"]
[BlackTitle "GM"]
[WhiteElo "2009"]
[BlackElo "2453"]
[WhiteFideId "2047411"]
[BlackFideId "1709437"]
[EventDate "2025.05.20"]

1. d4 Nf6 2. c4 e6 3. Nf3 d5 4. g3 Bb4+ 5. Bd2 a5 6. a3 Be7 7. Qc2 O-O 8. Bg2 c6
9. O-O Nbd7 10. Bg5 h6 11. Bxf6 Bxf6 12. Nbd2 b6 13. cxd5 cxd5 14. Rac1 Ba6 15.
Rfe1 Rc8 16. Qb3 Rxc1 17. Rxc1 Bxe2 18. Qc3 Ba6 19. Qc7 Nb8 20. Bf1 Qxc7 21.
Rxc7 Rc8 22. Ra7 Bxf1 23. Kxf1 Nc6 24. Rb7 Rb8 25. Rxb8+ Nxb8 26. Ke2 Nc6 27.
Kd3 Kf8 28. Nb1 Ke7 29. Nc3 Kd7 30. Nb5 g5 31. h4 g4 32. Nh2 h5 33. f3 gxf3 34.
Nxf3 e5 35. Ng5 Bxg5 36. hxg5 e4+ 37. Ke3 Ne7 38. Kf4 Ng6+ 39. Kf5 e3 40. Nc3 a4
41. Kf6 h4 42. gxh4 Nxh4 43. Kxf7 1-0

[Event "Titled Tue 20th May Early"]
[Site "chess.com INT"]
[Date "2025.05.20"]
[Round "1"]
[White "Mayaud, Raphael"]
[Black "Priasmoro, Novendra"]
[Result "0-1"]
[WhiteTitle "CM"]
[BlackTitle "GM"]
[WhiteElo "2126"]
[BlackElo "2437"]
[WhiteFideId "627151"]
[BlackFideId "7105029"]
[EventDate "2025.05.20"]

1. d4 Nf6 2. Bg5 Ne4 3. Bf4 c5 4. f3 Nf6 5. dxc5 Nc6 6. e4 e5 7. Be3 Qa5+ 8. Nc3
Bxc5 9. Bxc5 Qxc5 10. Bd3 O-O 11. Qe2 d5 12. exd5 Nxd5 13. Nxd5 Qxd5 14. Qe4
Qxe4+ 15. Bxe4 Nb4 16. a3 f5 17. axb4 fxe4 18. fxe4 Bg4 19. Ne2 Rac8 20. Nc3 a6
21. Rf1 Rfd8 22. h3 Bh5 23. Rf5 Bg6 24. Rxe5 Rc4 25. Rd1 Rxd1+ 26. Kxd1 Rxb4 27.
b3 Kf7 28. Kd2 Kf6 29. Rc5 Bxe4 30. Nxe4+ Rxe4 31. Rc7 Re7 32. Rxe7 Kxe7 33. Kd3
Kd6 34. Kd4 a5 35. c3 b5 36. c4 a4 37. cxb5 a3 38. Kc3 Kc5 39. b4+ Kxb5 40. Kb3
a2 41. Kxa2 Kxb4 42. Kb2 Kc4 43. Kc2 Kd4 44. Kd2 Ke4 45. Ke2 h5 46. Kf2 g5 47.
Ke2 Kd4 48. Kf3 Kd3 49. h4 g4+ 50. Kf4 Ke2 51. Kg5 Kf2 52. Kxh5 g3 53. Kg4 Kxg2
54. h5 Kf2 55. h6 g2 56. h7 g1=Q+ 57. Kh5 Qg7 0-1

[Event "Titled Tue 20th May Early"]
[Site "chess.com INT"]
[Date "2025.05.20"]
[Round "1"]
[White "Filindash, Nikita"]
[Black "Tahmasebi, Hamidreza"]
[Result "0-1"]
[WhiteTitle "CM"]
[BlackTitle "FM"]
[WhiteElo "2198"]
[BlackElo "2298"]
[WhiteFideId "34159983"]
[BlackFideId "12537527"]
[EventDate "2025.05.20"]

1. d4 Nf6 2. c4 c5 3. d5 g6 4. Nc3 Bg7 5. e4 d6 6. Bd3 O-O 7. Nf3 b5 8. Nxb5
Nbd7 9. O-O Nb6 10. Re1 Bg4 11. h3 Bxf3 12. Qxf3 Nfd7 13. Qe2 a6 14. Nc3 Bxc3
15. bxc3 Ne5 16. a4 a5 17. f4 Nxd3 18. Qxd3 Qd7 19. e5 Nxa4 20. exd6 exd6 21. f5
Nb6 22. Bh6 Rfe8 23. Rxe8+ Rxe8 24. Rxa5 Qxf5 25. Qxf5 gxf5 26. Ra6 Nxc4 27. Kf2
Rd8 28. Rc6 Ne5 29. Rc7 Nd7 30. Ke3 Nb6 31. c4 Nxc4+ 32. Kf4 Nb6 33. Kxf5 Nxd5
34. Ra7 c4 35. g4 c3 36. Ra5 Ne7+ 37. Kf6 Re8 38. Ra7 Nd5+ 39. Kf5 Re5# 0-1